<?xml version="1.0" encoding="UTF-8"?><?xml-stylesheet type="text/xsl" href="static/style.xsl"?><OAI-PMH xmlns="http://www.openarchives.org/OAI/2.0/" xmlns:xsi="http://www.w3.org/2001/XMLSchema-instance" xsi:schemaLocation="http://www.openarchives.org/OAI/2.0/ http://www.openarchives.org/OAI/2.0/OAI-PMH.xsd"><responseDate>2026-04-14T08:07:54Z</responseDate><request verb="GetRecord" identifier="oai:www.recercat.cat:2445/225804" metadataPrefix="marc">https://recercat.cat/oai/request</request><GetRecord><record><header><identifier>oai:recercat.cat:2445/225804</identifier><datestamp>2026-04-07T19:04:33Z</datestamp><setSpec>com_2072_1057</setSpec><setSpec>col_2072_478859</setSpec><setSpec>col_2072_478917</setSpec></header><metadata><record xmlns="http://www.loc.gov/MARC21/slim" xmlns:dcterms="http://purl.org/dc/terms/" xmlns:xsi="http://www.w3.org/2001/XMLSchema-instance" xmlns:doc="http://www.lyncode.com/xoai" xsi:schemaLocation="http://www.loc.gov/MARC21/slim http://www.loc.gov/standards/marcxml/schema/MARC21slim.xsd">
   <leader>00925njm 22002777a 4500</leader>
   <datafield ind2=" " ind1=" " tag="042">
      <subfield code="a">dc</subfield>
   </datafield>
   <datafield ind2=" " ind1=" " tag="720">
      <subfield code="a">Bellés-Obrero, Cristina</subfield>
      <subfield code="e">author</subfield>
   </datafield>
   <datafield ind2=" " ind1=" " tag="720">
      <subfield code="a">Montresor, Giulia</subfield>
      <subfield code="e">author</subfield>
   </datafield>
   <datafield ind2=" " ind1=" " tag="720">
      <subfield code="a">Nicodemo, Catia</subfield>
      <subfield code="e">author</subfield>
   </datafield>
   <datafield ind2=" " ind1=" " tag="260">
      <subfield code="c">2026-01-20T11:58:18Z</subfield>
   </datafield>
   <datafield ind2=" " ind1=" " tag="260">
      <subfield code="c">2026-01-20T11:58:18Z</subfield>
   </datafield>
   <datafield ind2=" " ind1=" " tag="260">
      <subfield code="c">2025</subfield>
   </datafield>
   <datafield ind2=" " ind1=" " tag="520">
      <subfield code="a">This paper estimates the causal effects of extreme temperatures and a related adaptation policy on workplace accidents in Spain, combining administrative records on occupational accidents with high-resolution weather data. Both cold and heat raise the incidence of work accidents, though with different magnitudes: ice days (maximum temperatures&lt;0◦C) increase workplace accidents by 14%, while hot days (35-40◦C) raise them by 4.7%, relative to days in the 15-20◦C range. Cold disproportionately affects women, older workers, permanent employees, and indoor or commuting workers, whereas heat poses greater risks for men, temporary workers, immigrants, and outdoor labourers. To examine the role of adaptation policy, we exploit a 2015 reform of Spain’s national heat alert system, which replaced purely climate-based temperature thresholds with criteria incorporating epidemiological evidence. Difference-indifferences and event-study estimates indicate that the reform reduced workplace accidents by 6.6%, with larger effects for temporary workers (9.2%) and for temperature-related injuries (16.4%). Our findings highlight the importance of targeted climate-adaptation policies in reducing occupational risks</subfield>
   </datafield>
   <datafield tag="653" ind2=" " ind1=" ">
      <subfield code="a">Accidents de treball</subfield>
   </datafield>
   <datafield tag="653" ind2=" " ind1=" ">
      <subfield code="a">Canvi climàtic</subfield>
   </datafield>
   <datafield tag="653" ind2=" " ind1=" ">
      <subfield code="a">Industrial accidents</subfield>
   </datafield>
   <datafield tag="653" ind2=" " ind1=" ">
      <subfield code="a">Climatic change</subfield>
   </datafield>
   <datafield ind2="0" ind1="0" tag="245">
      <subfield code="a">When policy meets weather: Extreme temperatures and workplace safety</subfield>
   </datafield>
</record></metadata></record></GetRecord></OAI-PMH>